书目信息 |
| 题名: |
教学方法手册
|
|
| 作者: | 戴维斯 著 ;严慧仙 译 | |
| 分册: | ||
| 出版信息: | 杭州 浙江大学出版社 2006 |
|
| 页数: | 15,364页 | |
| 开本: | 23cm | |
| 丛书名: | 国外大学教学与教改译丛 | |
| 单 册: | ||
| 中图分类: | G642.41 | |
| 科图分类: | ||
| 主题词: | 高等学校--教学法--研究 , 高等学校 , 高等学校 | |
| 电子资源: | ||
| ISBN: | 978-7-308-04742-5 | |
| 000 | 01024oam2 2200289 450 | |
| 001 | 1233633828 | |
| 005 | 20121007092112.76 | |
| 010 | @a978-7-308-04742-5@dCNY35.00 | |
| 100 | @a20090105e20052006em y0chiy0110 ea | |
| 101 | 1 | @achi@ceng |
| 102 | @aCN@b330000 | |
| 105 | @ay z 000yy | |
| 200 | 1 | @a教学方法手册@AJiao Xue Fang Fa Shou Ce@f巴巴拉·G. 戴维斯著@FBa Ba La· G. Dai Wei Si Zhu@g严慧仙译 |
| 210 | @a杭州@c浙江大学出版社@d2006@h2008重印 | |
| 215 | @a15,364页@d23cm | |
| 225 | 2 | @a国外大学教学与教改译丛 |
| 330 | @a本书内容包括:课程启动、对待多样性学生群体、讨论策略、讲课策略、合作学习和经验学习策略、写作技巧和家庭作业的布置、测试和评分等。 | |
| 461 | 0 | @12001 @a国外大学教学与教改译丛 |
| 510 | 1 | @aTools for teaching@zeng |
| 606 | 0 | @a高等学校@x教学法@x研究 |
| 606 | 0 | @a高等学校 |
| 606 | 0 | @a高等学校 |
| 690 | @aG642.41@v4 | |
| 701 | 1 | @a戴维斯@ADai Wei Si@c(女,Davis, Barbara Gross)@4著 |
| 702 | 0 | @a严慧仙@AYan Hui Xian@4译 |
| 801 | 0 | @aCN@bNLC@c20101222 |
| 905 | @a10447@dG642.41@eJY96 | |
| 教学方法手册/巴巴拉·G. 戴维斯著/严慧仙译.-杭州:浙江大学出版社,2006(2008重印) |
| 15,364页;23cm.-(国外大学教学与教改译丛) |
| ISBN 978-7-308-04742-5:CNY35.00 |
| 本书内容包括:课程启动、对待多样性学生群体、讨论策略、讲课策略、合作学习和经验学习策略、写作技巧和家庭作业的布置、测试和评分等。 |
| ● |
| 相关链接 |
|
|
|
|
正题名:教学方法手册
索取号:G642.41/JY96
 
预约/预借
| 序号 | 登录号 | 条形码 | 馆藏地/架位号 | 状态 | 备注 |
| 1 | 7809219 | 278092190 | 学院路分馆/ [索取号:G642.41/JY96] | 在馆 | |
| 2 | 7809220 | 278092207 | 学院路分馆/ [索取号:G642.41/JY96] | 在馆 |